Las crías de los animales / (Registro nro. 8804)
[ vista simple ]
| 000 -LIDER | |
|---|---|
| fixed length control field | 00704nam a22002297a 4500 |
| 001 - NÚMERO DE CONTROL | |
| Identificador de número de control | 0135 |
| 003 - IDENTIFICACDOR DE NÚMERO DE CONTROL | |
| control field | DO-SdBNP |
| 005 - DATE AND TIME OF LATEST TRANSACTION | |
| control field | 20180222101721.0 |
| 007 - CAMPOS FIJOS DE DESCRIPCIÓN FÍSICA | |
| fixed length control field | 0135 |
| 008 - ELEMENTOS DE LONGITUD FIJA | |
| fixed length control field | 151005b1985 sp 00| 0 spa d |
| 020 ## - ISBN | |
| International Standard Book Number | 8474616255 |
| 040 ## - FUENTE DE CATALOGACIÓN | |
| Agencia que crea de manera original el registro | BPMSU |
| Idioma de catalogación | spa |
| Agencia que realiza la transcripción | BPMSU |
| 100 1# - ASIENTO PRINCIPAL -- NOMBRE PERSONAL | |
| Nombre personal | Board, Tessa |
| 245 14 - MENCIÓN DE TITULO | |
| Título | Las crías de los animales / |
| Mención de responsabilidad | Tessa Board |
| 260 ## - PUBLICACIÓN, DISTRIBUCIÓN, ETC. (PIE DE IMPRENTA) | |
| Lugar de publicación, distribución, etc | Madrid : |
| Nombre del editor, distribuidor, etc. | Multimedia publications, |
| Fecha de publicación, distribución, etc | [1985]. |
| 300 ## - DESCRIPCIÓN FÍSICA | |
| Extensión | 56 p. : |
| Otros detalles físicos | retrs. ; |
| Dimensiones | 27 cm. |
| 505 1# - NOTA DE CONTENIDO | |
| Título | Introducción -- |
| -- | Jóvenes depredadores -- |
| -- | Aves -- |
| -- | Hechos para correr -- |
| -- | La lucha por la vida -- |
| -- | El vínculo materno -- |
| 521 1# - TARGET AUDIENCE NOTE | |
| Target audience note | A partir de los 12 años |
| 942 ## - ADDED ENTRY ELEMENTS (KOHA) | |
| Source of classification or shelving scheme | Dewey Decimal Classification |
| Koha item type | Libros |
| 945 ## - INFORMACIÓN DE PROCESAMIENTO LOCAL | |
| Información de procesamiento local | Inventariado, 2018/MFF |
| 956 ## - LOCAL ELECTRONIC LOCATION AND ACCESS (OCLC) | |
| Nombre de host | Yngrid Lockward |
| Withdrawn status | Lost status | Source of classification or shelving scheme | Damaged status | Not for loan | Collection code | Home library | Current library | Date acquired | Source of acquisition | Total Checkouts | Barcode | Date last seen | Price effective from | Koha item type |
|---|---|---|---|---|---|---|---|---|---|---|---|---|---|---|
| Dewey Decimal Classification | Colección General | Biblioteca Pública Metropolitana Salomé Ureña | Biblioteca Pública Metropolitana Salomé Ureña | 11/19/2015 | Donación | BPMSU15110374 | 11/19/2015 | 11/19/2015 | Libros |